Statistics for Field of Dreams Terence Mann’s speech

Click here to take the quiz!

General Stats

  • This quiz has been taken 5 times
  • The average score is 151 of 221

Answer Stats

Answer% Correct
a
100%
an
100%
come.
100%
come,
100%
come
100%
find
100%
Ray
100%
the
100%
The
100%
they
100%
twenty
100%
will
100%
without
100%
about
67%
afternoon.
67%
again.
67%
all
67%
along
67%
America
67%
and
67%
And
67%
army
67%
around,
67%
as
67%
at
67%
away
67%
baseball.
67%
baseball
67%
be
67%
been
67%
blackboard
67%
brush
67%
But
67%
by
67%
can’t
67%
cheered
67%
children,
67%
children
67%
could
67%
course
67%
dipped
67%
dollars
67%
door,
67%
driveway,
67%
erased
67%
even
67%
faces.
67%
fathom.
67%
field,
67%
For
67%
for
67%
from
67%
game
67%
good
67%
has
67%
have
67%
heroes.
67%
if
67%
in
67%
innocent
67%
Iowa
67%
is
67%
it
67%
it.
67%
It
67%
it’ll
67%
It’s
67%
lack.
67%
like
67%
longing
67%
look
67%
magic
67%
marked
67%
memories
67%
mind
67%
money,
67%
money
67%
most
67%
of
67%
Of
67%
Oh
67%
on
67%
once
67%
only
67%
our
67%
over
67%
part
67%
pass
67%
past.
67%
past
67%
peace
67%
People
67%
people
67%
per
67%
perfect
67%
person.
67%
reasons
67%
rebuilt
67%
reminds
67%
reserved
67%
rolled
67%
sat
67%
say.
67%
seats
67%
so
67%
that
67%
their
67%
them
67%
They’ll
67%
they’ll
67%
thick,
67%
thinking
67%
this
67%
This
67%
time.
67%
to
67%
turn
67%
up
67%
us
67%
was
67%
watch
67%
waters.
67%
we
67%
were
67%
when
67%
where
67%
won’t
67%
you
67%
you’ll
67%
your
67%
arrive
33%
baselines,
33%
bleachers
33%
constant
33%
definitely
33%
doing
33%
had
33%
knowing
33%
not
33%
off
33%
one
33%
shirtsleeves
33%
sit
33%
somewhere
33%
streamrollers.
33%
sure
33%
themselves
33%
they’re
33%
through
33%
walk
33%
why
33%
years
33%
they’d
0%

Score Distribution

Percentile by Number Answered

Percent of People with Each Score

Your Score History

You have not taken this quiz